| 000 | 00600nab a2200169Ia 4500 | ||
|---|---|---|---|
| 003 | ES-SlBCS | ||
| 005 | 20210601145025.0 | ||
| 008 | 140529s1991 xxu||||| |||| 00| 0 spa d | ||
| 041 | _aspa | ||
| 100 | 1 |
_aLópez Latorre, M. J. _9307023 |
|
| 245 | 0 | 0 |
_aEysenck: su impacto en la Psicología Española _c M. J. López Latorre, R. Bañuls Egeda, Pilar Sanchis-Aldas |
| 600 | 1 | 4 |
_aEysenck, Hans J. _9159460 |
| 700 | 1 |
_aBañuls Egeda, R _9307129 |
|
| 700 | 1 |
_aSanchis-Aldas, Pilar _9307130 |
|
| 773 | 0 |
_tRevista de Historia de la Psicologia _gvol. 12, nº. 3-4, 1991, págs. 457-468 _wRev700 |
|
| 942 | _cAR | ||
| 999 |
_c718130 _d718130 |
||